[Event "EYCC 2017"]
[Site "Mamaia"]
[Date "2017.09.11"]
[Round "6"]
[White "Represa Perez, Mireya"]
[Black "Sosa Suarez, Carla Cristina"]
[Result "1/2-1/2"]
[WhiteElo "2082"]
[BlackElo "1930"]
[Annotator "NA RC"]
[PlyCount "123"]
[EventDate "2017.??.??"]
[EventType "swiss"]
[EventCountry "ROU"]
[SourceTitle "playchess.com"]
[Source "ChessBase"]
[SourceQuality "1"]

1. e4 e6 2. d4 d5 3. Nc3 Nc6 4. Nf3 Nf6 5. Bg5 Be7 6. Bxf6 Bxf6 7. Bb5 O-O 8. O-O a6 9. Bxc6 bxc6 10. e5 Be7 11. Na4 Rb8 12. c3 f6 13. exf6 gxf6 14. Re1 Qe8 15. Qe2 Qg6 16. b4 Bd7 17. Nb2 Rb6 18. Nd3 Bd6 19. Nd2 Rbb8 20. Nb3 Rbe8 21. Nbc5 Bc8 22. f4 Re7 23. Rf1 Rfe8 24. Rf3 Kh8 25. Re3 Qf5 26. Rf1 Rg8 27. Kh1 Reg7 28. g3 Qh3 29. Qg2 Qh6 30. Qf2 Qh3 31. Rfe1 h5 32. Qf1 Qf5 33. Qe2 h4 34. Rf3 hxg3 35. hxg3 Rh7+ 36. Kg1 Rh3 37. Qg2 Qg4 38. Nf2 Qxg3 39. Rxg3 Rhxg3 40. Qxg3 Rxg3+ 41. Kf1 Rxc3 42. Nfd3 Kg7 43. f5 e5 44. dxe5 fxe5 45. Nxe5 Bxc5 46. bxc5 Rxc5 47. Nd3 Rc3 48. Re7+ Kf6 49. Rxc7 Bxf5 50. Nb4 Ke6 51. Rxc6+ Rxc6 52. Nxc6 Bb1 53. Nb4 d4 54. Ke1 a5 55. Nc6 Kd5 56. Nxa5 Bxa2 57. Kd2 Kc5 58. Nb7+ Kc6 59. Kd3 Kd5 60. Na5 Bb1+ 61. Kd2 d3 62. Nb3 1/2-1/2

[Event "EYCC 2017"]
[Site "Mamaia"]
[Date "2017.09.11"]
[Round "6"]
[White "Tsaruk, Maksim"]
[Black "Morgunov, Marc"]
[Result "1-0"]
[WhiteElo "2060"]
[BlackElo "2199"]
[Annotator "TA"]
[PlyCount "100"]
[EventDate "2017.??.??"]
[EventType "swiss"]
[EventCountry "ROU"]
[SourceTitle "playchess.com"]
[Source "ChessBase"]
[SourceQuality "1"]

1. e4 c5 2. Nf3 a6 3. c4 Nc6 4. d4 cxd4 5. Nxd4 e5 6. Nc2 Bc5 7. Nc3 d6 8. Be3 Bxe3 9. fxe3 Nf6 10. Be2 Be6 11. Qd3 O-O 12. O-O Qc7 13. b4 Rac8 14. Rac1 Nb8 15. Nd5 Bxd5 16. exd5 Qb6 17. Kh1 e4 18. Qd4 Qd8 19. Na1 b6 20. Nb3 Nbd7 21. Nd2 Qe7 22. Rf4 Rfe8 23. Rcf1 Qe5 24. Qxe5 Rxe5 25. Bg4 Nxg4 26. Rxg4 f5 27. Rgf4 b5 28. cxb5 Rxd5 29. Nb3 Rxb5 30. Nd4 Re5 31. Nxf5 d5 32. Nxg7 Kxg7 33. Rf7+ Kg8 34. Rxd7 Rc3 35. Re1 Rf5 36. Kg1 Rc2 37. Rf1 Rg5 38. g3 Rc3 39. Rd1 Rxe3 40. R1xd5 Rxd5 41. Rxd5 Ra3 42. Ra5 Rxa5 43. bxa5 Kf7 44. Kf2 Ke6 45. g4 Ke5 46. Ke3 Kd5 47. h4 Ke5 48. h5 Kd5 49. h6 Ke5 50. a3 Kd5 1-0

[Event "EYCC 2017"]
[Site "Mamaia"]
[Date "2017.09.11"]
[Round "6"]
[White "Berdnyk, Mariia"]
[Black "Krasteva, Beloslava"]
[Result "1/2-1/2"]
[WhiteElo "2055"]
[BlackElo "2048"]
[Annotator "NA RC"]
[PlyCount "94"]
[EventDate "2017.??.??"]
[EventType "swiss"]
[EventCountry "ROU"]
[SourceTitle "playchess.com"]
[Source "ChessBase"]
[SourceQuality "1"]

1. e4 c5 2. Nf3 d6 3. d4 cxd4 4. Nxd4 Nf6 5. Nc3 a6 6. f4 e6 7. Qf3 Qc7 8. g4 Nc6 9. Nb3 b5 10. g5 Nd7 11. Be3 Bb7 12. Bd3 Be7 13. Qf2 Rc8 14. O-O Qd8 15. f5 exf5 16. Qxf5 Nce5 17. Nd5 O-O 18. Bd2 Bxd5 19. Ba5 Qe8 20. exd5 g6 21. Qf4 f6 22. Nd4 fxg5 23. Qg3 Nf6 24. Ne6 Nh5 25. Qe3 Rxf1+ 26. Rxf1 Nf4 27. Nxf4 gxf4 28. Qxf4 Qd7 29. Bc3 Rf8 30. Qg3 Rxf1+ 31. Bxf1 Qf5 32. Bh3 Qe4 33. Be6+ Kf8 34. Qf2+ Qf3 35. Qxf3+ Nxf3+ 36. Kf2 Ng5 37. Bc8 Ne4+ 38. Ke2 Nxc3+ 39. bxc3 a5 40. a3 Bd8 41. Bd7 Bb6 42. Bxb5 a4 43. Bxa4 Bc5 44. Kf3 Bxa3 45. Kg4 Kg7 46. c4 Kf6 47. Bd7 Bc5 1/2-1/2

[Event "EYCC 2017"]
[Site "Mamaia"]
[Date "2017.09.11"]
[Round "6"]
[White "Mochalin, Faddey"]
[Black "Antonica, Dragos-Andrei"]
[Result "0-1"]
[WhiteElo "2052"]
[BlackElo "2188"]
[Annotator "TA"]
[PlyCount "116"]
[EventDate "2017.??.??"]
[EventType "swiss"]
[EventCountry "ROU"]
[SourceTitle "playchess.com"]
[Source "ChessBase"]
[SourceQuality "1"]

1. d4 Nf6 2. c4 e6 3. Nc3 Bb4 4. e3 O-O 5. Nge2 c6 6. Nf4 d5 7. Qc2 Bd6 8. c5 Bc7 9. Bd2 Nbd7 10. O-O-O b6 11. cxb6 axb6 12. f3 c5 13. Kb1 Nb8 14. Nb5 c4 15. g4 Bxf4 16. exf4 Bd7 17. Nc3 b5 18. Ne2 Nc6 19. b4 Ra4 20. Qb2 Qe7 21. a3 Rfa8 22. Bc1 Nxb4 23. Nc3 Nd3 24. Rxd3 Rxa3 25. Nxd5 Ra1+ 26. Qxa1 Rxa1+ 27. Kxa1 exd5 28. Re3 Qd6 29. Be2 g6 30. Bd1 Qb6 31. Rhe1 b4 32. Re7 Qxd4+ 33. Kb1 Be6 34. Rc7 Qd3+ 35. Bc2 Qxf3 36. f5 gxf5 37. Bh6 b3 38. Bxf5 Bxf5+ 39. gxf5 Qd3+ 40. Kb2 Qxf5 41. Ka3 b2 42. Ka2 d4 43. Ra7 b1=Q+ 44. Rxb1 Ne8 45. Ra8 f6 46. Rxe8+ Kf7 47. Reb8 c3 48. R8b7+ Kg6 49. Bc1 Qd5+ 50. R1b3 d3 51. R7b5 Qg2+ 52. Ka3 d2 53. Rxc3 d1=Q 54. h4 Qa8+ 55. Kb4 Qd6+ 56. Kb3 Qe6+ 57. Kb4 Qee4+ 58. Rc4 Qa4+ 0-1

[Event "EYCC 2017"]
[Site "Mamaia"]
[Date "2017.09.11"]
[Round "6"]
[White "Asatryan, Sona"]
[Black "Avetisyan, Mariam"]
[Result "1-0"]
[WhiteElo "2043"]
[BlackElo "1976"]
[Annotator "NA RC"]
[PlyCount "109"]
[EventDate "2017.??.??"]
[EventType "swiss"]
[EventCountry "ROU"]
[SourceTitle "playchess.com"]
[Source "ChessBase"]
[SourceQuality "1"]

1. e4 e6 2. d4 d5 3. Nd2 Nf6 4. e5 Nfd7 5. Bd3 c5 6. c3 Nc6 7. Ne2 cxd4 8. cxd4 f6 9. exf6 Nxf6 10. O-O Bd6 11. Nf3 Qc7 12. Bg5 O-O 13. Bh4 Nh5 14. Qc2 h6 15. Bh7+ Kh8 16. Bg6 Rxf3 17. Bxh5 Rf8 18. Bg3 Bd7 19. Qd2 Be8 20. Bg4 Rf6 21. Nc3 a6 22. Rfe1 Bf7 23. Re3 Bf4 24. Qd1 Rf8 25. Ne2 Bd6 26. Rf3 Rxf3 27. Bxf3 Bg8 28. Rc1 Bxg3 29. hxg3 g5 30. Qd2 Qg7 31. Rd1 Bh7 32. Nc3 Qf6 33. Qe3 Kg7 34. a3 Bf5 35. b4 Rc8 36. Rd2 b5 37. g4 Bg6 38. Bd1 Nd8 39. Bc2 Bxc2 40. Rxc2 Rc4 41. Rd2 Nb7 42. Ne2 Nd6 43. Ng3 Kf7 44. Nh5 Qg6 45. Qe5 Nf5 46. Rd3 Nh4 47. Qd6 Kg8 48. Qd8+ Kf7 49. Re3 Rc1+ 50. Kh2 Rc2 51. Qd7+ Kf8 52. Rxe6 Nf3+ 53. Kg3 Rc3 54. Qe7+ Kg8 55. Rxg6+ 1-0

[Event "EYCC 2017"]
[Site "Mamaia"]
[Date "2017.09.11"]
[Round "6"]
[White "Mironenko, Galina"]
[Black "Zvereva, Margarita"]
[Result "1/2-1/2"]
[WhiteElo "2035"]
[BlackElo "1790"]
[Annotator "NA RC"]
[PlyCount "103"]
[EventDate "2017.??.??"]
[EventType "swiss"]
[EventCountry "ROU"]
[SourceTitle "playchess.com"]
[Source "ChessBase"]
[SourceQuality "1"]

1. Nf3 Nf6 2. c4 e6 3. g3 d5 4. Bg2 Be7 5. cxd5 exd5 6. O-O O-O 7. Qc2 c6 8. d3 Re8 9. b3 Nbd7 10. Bb2 Nf8 11. h3 Ng6 12. Nbd2 Bd7 13. e4 dxe4 14. dxe4 h6 15. Rfe1 Qc8 16. Kh2 Nh7 17. Qc3 Bf8 18. Nc4 Qc7 19. Rad1 Be6 20. e5 Red8 21. Nfd2 Bd5 22. Ne4 Ng5 23. Ncd6 Nxe4 24. Nxe4 Qe7 25. Nd6 Bxg2 26. Kxg2 Qc7 27. f4 Ne7 28. Qc4 Nc8 29. Nf5 Nb6 30. Qe4 Rxd1 31. Rxd1 Re8 32. Qf3 c5 33. Nd6 Bxd6 34. exd6 Qc6 35. Qxc6 bxc6 36. Kf2 Rd8 37. Ba3 Nd7 38. Kf3 Re8 39. g4 Re6 40. h4 f6 41. Bb2 Re8 42. f5 Kf7 43. h5 Kf8 44. Ba3 Re5 45. b4 cxb4 46. Bxb4 Rb5 47. Bc3 Rc5 48. Rd3 Rb5 49. Rd1 Rc5 50. Rd3 Rb5 51. Kf4 Rc5 52. Kf3 1/2-1/2

[Event "EYCC 2017"]
[Site "Mamaia"]
[Date "2017.09.11"]
[Round "6"]
[White "Szucs, Edina"]
[Black "Georgescu, Lena"]
[Result "1/2-1/2"]
[WhiteElo "2023"]
[BlackElo "2246"]
[Annotator "TA"]
[PlyCount "60"]
[EventDate "2017.??.??"]
[EventType "swiss"]
[EventCountry "ROU"]
[SourceTitle "playchess.com"]
[Source "ChessBase"]
[SourceQuality "1"]

1. e4 c5 2. Nf3 e6 3. d4 cxd4 4. Nxd4 Nf6 5. Nc3 Nc6 6. Ndb5 d6 7. Bf4 e5 8. Bg5 a6 9. Na3 b5 10. Nd5 Be7 11. Bxf6 Bxf6 12. c4 b4 13. Nc2 O-O 14. g3 a5 15. Bg2 Bg5 16. O-O Ne7 17. Nce3 Bxe3 18. Nxe3 Be6 19. b3 Qc7 20. Qd3 Rfd8 21. Kh1 a4 22. f4 f6 23. f5 Bf7 24. Rfd1 Nc6 25. Nc2 Qb6 26. h3 Qc5 27. Kh2 Ra5 28. Rab1 h6 29. Rb2 Ra6 30. Qd2 Kh7 1/2-1/2

[Event "EYCC 2017"]
[Site "Mamaia"]
[Date "2017.09.11"]
[Round "6"]
[White "Zhukov, Ivan"]
[Black "Babazada, Khazar"]
[Result "0-1"]
[WhiteElo "1893"]
[BlackElo "2122"]
[Annotator "TA"]
[PlyCount "114"]
[EventDate "2017.??.??"]
[EventType "swiss"]
[EventCountry "ROU"]
[SourceTitle "playchess.com"]
[Source "ChessBase"]
[SourceQuality "1"]

1. e4 g6 2. d4 Bg7 3. Nc3 c6 4. Nf3 d6 5. a4 Nf6 6. Be2 O-O 7. O-O Qc7 8. Bg5 h6 9. Bh4 Nh5 10. Re1 Nf4 11. Bc4 e5 12. Qd2 Be6 13. Bxe6 Nxe6 14. d5 Nd4 15. Nxd4 exd4 16. Ne2 c5 17. Bg3 Kh7 18. c3 dxc3 19. Nxc3 a6 20. e5 dxe5 21. d6 Qa5 22. Bxe5 Nc6 23. Bxg7 Kxg7 24. Qf4 Qb4 25. Qxb4 cxb4 26. Ne4 Rfe8 27. Nc5 Rxe1+ 28. Rxe1 b6 29. Nd7 Rd8 30. Nxb6 Rxd6 31. Nc4 Rd4 32. Rc1 Nd8 33. Ne3 Ne6 34. g3 Rd2 35. Nc4 Rd3 36. Na5 Rd5 37. Nc6 b3 38. Rc3 Rc5 39. Rxc5 Nxc5 40. a5 Kf6 41. Kf1 Ke6 42. f4 Kd5 43. Ne5 f6 44. Nxg6 Na4 45. Ke2 Nxb2 46. Ne7+ Kc4 47. h4 h5 48. Nf5 Kb4 49. Ne3 f5 50. Nxf5 Nc4 51. Kd3 b2 52. Kc2 Ka3 53. Nd4 Ka2 54. Kc3 Na3 55. Nc6 Nb5+ 56. Kc4 b1=Q 57. Nb4+ Ka3 0-1

[Event "EYCC 2017"]
[Site "Mamaia"]
[Date "2017.09.11"]
[Round "6"]
[White "Grigoryan, Arpine"]
[Black "Lomandong Noela-Joyce"]
[Result "1/2-1/2"]
[WhiteElo "1865"]
[BlackElo "2040"]
[Annotator "NA RC"]
[PlyCount "136"]
[EventDate "2017.??.??"]
[EventType "swiss"]
[EventCountry "ROU"]
[SourceTitle "playchess.com"]
[Source "ChessBase"]
[SourceQuality "1"]

1. e4 c5 2. Nf3 g6 3. c3 Bg7 4. d4 cxd4 5. cxd4 d5 6. exd5 Nf6 7. Nc3 Nxd5 8. Bc4 Nb6 9. Bb3 O-O 10. O-O Nc6 11. Be3 Na5 12. Bc2 Nac4 13. Qe2 Bd7 14. Bd3 Rc8 15. Rfd1 Nxe3 16. fxe3 Na4 17. Nxa4 Bxa4 18. b3 Bc6 19. Bc4 e6 20. Rac1 Qa5 21. e4 b5 22. Bd3 Qb6 23. Bb1 e5 24. Qf2 exd4 25. Nxd4 Bb7 26. Nf3 Qe6 27. Qxa7 Bh6 28. Rxc8 Qxc8 29. Qd4 Bg7 30. Qd6 Qc3 31. Qf4 Qc5+ 32. Kh1 f5 33. exf5 Qf2 34. Be4 g5 35. Qd6 Bxe4 36. Qe6+ Kh8 37. Qxe4 Qxa2 38. Qd5 Qc2 39. Nxg5 Rxf5 40. Qd8+ Rf8 41. Ne6 Rg8 42. Qd5 Bc3 43. Rg1 b4 44. Nd8 Qf2 45. Nf7+ Kg7 46. Ne5 Rf8 47. Nf3 Kh8 48. Qd3 Rg8 49. Qe4 Qb2 50. Qd5 Bf6 51. Qf5 Qc3 52. Rb1 Re8 53. h3 Ra8 54. Kh2 Qc7+ 55. Kh1 Qc3 56. Ng5 Bxg5 57. Qxg5 Re8 58. Rc1 Re1+ 59. Rxe1 Qxe1+ 60. Kh2 Qc3 61. Qd5 Kg7 62. h4 Qc7+ 63. Kh3 Qc8+ 64. Kg3 Qc7+ 65. Kf3 Qc3+ 66. Kf4 Qc1+ 67. Ke5 Qe1+ 68. Qe4 Qc3+ 1/2-1/2

[Event "EYCC 2017"]
[Site "Mamaia"]
[Date "2017.09.11"]
[Round "6"]
[White "Semonaviciute, Agne"]
[Black "Olde, Margareth"]
[Result "1/2-1/2"]
[WhiteElo "1854"]
[BlackElo "2161"]
[Annotator "TA"]
[PlyCount "105"]
[EventDate "2017.??.??"]
[EventType "swiss"]
[EventCountry "ROU"]
[SourceTitle "playchess.com"]
[Source "ChessBase"]
[SourceQuality "1"]

1. e4 c5 2. Nc3 Nc6 3. f4 g6 4. Nf3 Bg7 5. Bc4 e6 6. d3 Nge7 7. O-O d6 8. Qe1 O-O 9. Qh4 a6 10. a4 Rb8 11. f5 gxf5 12. Bh6 f6 13. Qg3 Rf7 14. Nh4 d5 15. exd5 exd5 16. Nxd5 Nxd5 17. Nxf5 Bxf5 18. Rxf5 Ne5 19. Re1 Nxc4 20. Rxd5 Qxd5 21. Qxb8+ Bf8 22. dxc4 Qd4+ 23. Kh1 Qh4 24. Bd2 Qxc4 25. h3 Qxa4 26. Re8 Qh4 27. Bf4 Kg7 28. Kh2 Qh5 29. Re3 Qd5 30. Rg3+ Kh8 31. Rd3 Qh5 32. Bd6 Qh6 33. Bxc5 Kg8 34. Rg3+ Kh8 35. Bd6 b5 36. b4 f5 37. Be5+ Rf6 38. Bxf6+ Qxf6 39. Qe8 f4 40. Rg4 f3 41. gxf3 Qd6+ 42. Kg2 h6 43. Rg6 Qf4 44. Rg4 Qd6 45. Re4 Qd2+ 46. Kg3 Qg5+ 47. Rg4 Qf5 48. Qe4 Qf7 49. Qg6 Qd5 50. Qf6+ Kh7 51. Qxf8 Qe5+ 52. Kh4 Qe1+ 53. Rg3 1/2-1/2

[Event "EYCC 2017"]
[Site "Mamaia"]
[Date "2017.09.11"]
[Round "6"]
[White "Hajiyeva, Laman"]
[Black "Beydullayeva, Govhar"]
[Result "0-1"]
[WhiteElo "1818"]
[BlackElo "2164"]
[Annotator "TA"]
[PlyCount "93"]
[EventDate "2017.??.??"]
[EventType "swiss"]
[EventCountry "ROU"]
[SourceTitle "playchess.com"]
[Source "ChessBase"]
[SourceQuality "1"]

1. c4 e6 2. d4 Nf6 3. Nf3 b6 4. a3 Ba6 5. Qc2 Bb7 6. Nc3 c5 7. e4 cxd4 8. Nxd4 Bc5 9. Nb3 Nc6 10. Bg5 h6 11. Bh4 Nd4 12. Nxd4 Bxd4 13. Bd3 Be5 14. Bg3 Qb8 15. O-O-O O-O 16. Rhe1 a6 17. Kb1 b5 18. Bxe5 Qxe5 19. g3 bxc4 20. Bxc4 Rfc8 21. f4 Qc5 22. Bd3 Rab8 23. Rc1 Qa5 24. Qe2 d5 25. e5 Nd7 26. f5 d4 27. Na2 Rxc1+ 28. Nxc1 Bf3 29. Qf2 Qxa3 30. Qxd4 Bd5 31. Re2 Nc5 32. fxe6 Bxe6 33. Rc2 Nxd3 34. Nxd3 Bf5 35. Rd2 Qa5 36. Kc2 Rd8 37. Qe3 Qa4+ 38. b3 Qa1 39. Rd1 Rc8+ 40. Kd2 Qc3+ 41. Ke2 Qxb3 42. Rd2 Rc3 43. Qd4 Rxd3 44. Rxd3 Qxd3+ 45. Qxd3 Bxd3+ 46. Kxd3 Kf8 47. Kd4 0-1

[Event "EYCC 2017"]
[Site "Mamaia"]
[Date "2017.09.12"]
[Round "7"]
[White "Deac, Bogdan-Daniel"]
[Black "Martirosyan, Haik M"]
[Result "1/2-1/2"]
[WhiteElo "2559"]
[BlackElo "2570"]
[Annotator "TA"]
[PlyCount "32"]
[EventDate "2017.??.??"]
[EventType "swiss"]
[EventCountry "ROU"]
[SourceTitle "playchess.com"]
[Source "ChessBase"]
[SourceQuality "1"]

1. e4 e5 2. Nf3 Nc6 3. Bb5 Nf6 4. O-O Nxe4 5. Re1 Nd6 6. Nxe5 Nxe5 7. Rxe5+ Be7 8. Bf1 O-O 9. d4 Bf6 10. Re2 b6 11. Re1 Re8 12. Bf4 Rxe1 13. Qxe1 Qe7 14. Nc3 Bb7 15. Qxe7 Bxe7 16. Re1 Bf8 1/2-1/2

[Event "EYCC 2017"]
[Site "Mamaia"]
[Date "2017.09.12"]
[Round "7"]
[White "Santos Ruiz, Miguel"]
[Black "Sorokin, Aleksey"]
[Result "1/2-1/2"]
[WhiteElo "2505"]
[BlackElo "2486"]
[Annotator "TA"]
[PlyCount "39"]
[EventDate "2017.??.??"]
[EventType "swiss"]
[EventCountry "ROU"]
[SourceTitle "playchess.com"]
[Source "ChessBase"]
[SourceQuality "1"]

1. e4 c6 2. d4 d5 3. exd5 cxd5 4. Bd3 Nc6 5. c3 Qc7 6. Ne2 Bg4 7. O-O e6 8. Qe1 Nf6 9. f3 Bh5 10. Qh4 h6 11. Qh3 Bd6 12. Ng3 Bxg3 13. Qxg3 Qxg3 14. hxg3 Bg6 15. Be2 h5 16. Nd2 Nd7 17. Nb3 f6 18. Kf2 Bf5 19. Be3 Kf7 20. a4 1/2-1/2

[Event "EYCC 2017"]
[Site "Mamaia"]
[Date "2017.09.12"]
[Round "7"]
[White "Hakobyan, Aram"]
[Black "Erenberg, Ariel"]
[Result "0-1"]
[WhiteElo "2472"]
[BlackElo "2386"]
[Annotator "TA"]
[PlyCount "154"]
[EventDate "2017.??.??"]
[EventType "swiss"]
[EventCountry "ROU"]
[SourceTitle "playchess.com"]
[Source "ChessBase"]
[SourceQuality "1"]

1. d4 Nf6 2. Nf3 g6 3. Bf4 Bg7 4. e3 O-O 5. Be2 d6 6. h3 Nbd7 7. O-O b6 8. Bh2 Bb7 9. c4 Re8 10. Nc3 e5 11. d5 Qe7 12. Rc1 Rac8 13. b4 a6 14. Qb3 c6 15. dxc6 Bxc6 16. Rfd1 Red8 17. Rd2 Ne4 18. Nd5 Qe8 19. Rdc2 Nef6 20. Nd2 Nxd5 21. cxd5 Bb7 22. Rc7 Nf6 23. Qa3 Rxc7 24. Rxc7 Rb8 25. Bxa6 Bxa6 26. Qxa6 Nxd5 27. Rc1 Qd7 28. Qc4 Ne7 29. Qb3 h6 30. a4 Ra8 31. b5 Qa7 32. Ra1 Rc8 33. Qb4 Qc7 34. e4 d5 35. Re1 d4 36. Nf3 d3 37. Bg3 Bf6 38. Qd2 Qc2 39. Qxh6 Qxa4 40. Ng5 Bxg5 41. Qxg5 Qb4 42. Rd1 Qxe4 43. Bxe5 Nd5 44. Kh2 Re8 45. Ba1 Nf4 46. f3 Qf5 47. Qxf5 gxf5 48. Kg3 Ne2+ 49. Kf2 Rd8 50. h4 f4 51. Rd2 Rd5 52. Bf6 Kh7 53. Ke1 Kg6 54. Ba1 Ng3 55. Rb2 Nf5 56. Kd2 Ne3 57. Rb4 Nf1+ 58. Kd1 Ne3+ 59. Kd2 Nxg2 60. Bb2 Kf5 61. h5 Kg5 62. h6 Kxh6 63. Rd4 Rxb5 64. Rd6+ Kh5 65. Bd4 Nh4 66. Kxd3 Nxf3 67. Bxb6 Ne5+ 68. Kc3 f5 69. Bd4 f3 70. Rd8 Ng4 71. Kd3 f2 72. Rh8+ Kg5 73. Rh1 Kf4 74. Ke2 Kg3 75. Bxf2+ Nxf2 76. Rg1+ Kh2 77. Rg8 Nh3 0-1

[Event "EYCC 2017"]
[Site "Mamaia"]
[Date "2017.09.12"]
[Round "7"]
[White "Livaic, Leon"]
[Black "Thybo, Jesper Sondergaard"]
[Result "1/2-1/2"]
[WhiteElo "2461"]
[BlackElo "2466"]
[Annotator "TA"]
[PlyCount "66"]
[EventDate "2017.??.??"]
[EventType "swiss"]
[EventCountry "ROU"]
[SourceTitle "playchess.com"]
[Source "ChessBase"]
[SourceQuality "1"]

1. d4 Nf6 2. c4 e6 3. Nf3 d5 4. Nc3 Bb4 5. Bg5 h6 6. Bxf6 Qxf6 7. Qa4+ Nc6 8. e3 O-O 9. Rc1 Qg6 10. Qc2 Qxc2 11. Rxc2 Rd8 12. a3 Bf8 13. cxd5 exd5 14. Bd3 Ne7 15. Ke2 Bf5 16. b4 Bxd3+ 17. Kxd3 Nf5 18. g4 Ne7 19. Na4 c6 20. Nc5 Rab8 21. Ne5 Nc8 22. a4 Bxc5 23. bxc5 f6 24. Nf3 Ne7 25. Rb1 b6 26. Rcb2 Ra8 27. cxb6 axb6 28. Rxb6 Rxa4 29. Rb7 Ra3+ 30. Ke2 Nc8 31. Rc7 Ra2+ 32. Kf1 Nd6 33. Nh4 Rda8 1/2-1/2

[Event "EYCC 2017"]
[Site "Mamaia"]
[Date "2017.09.12"]
[Round "7"]
[White "Morozov, Nichita"]
[Black "Tica, Sven"]
[Result "1/2-1/2"]
[WhiteElo "2461"]
[BlackElo "2389"]
[Annotator "TA"]
[PlyCount "91"]
[EventDate "2017.??.??"]
[EventType "swiss"]
[EventCountry "ROU"]
[SourceTitle "playchess.com"]
[Source "ChessBase"]
[SourceQuality "1"]

1. e4 c6 2. d4 d5 3. e5 Bf5 4. Nd2 e6 5. Nb3 Nd7 6. Be3 Ne7 7. Be2 h6 8. Nf3 g5 9. Qd2 Bg7 10. h3 Qc7 11. g4 Be4 12. Qc3 Bxf3 13. Bxf3 f6 14. exf6 Bxf6 15. O-O-O O-O-O 16. Kb1 Kb8 17. a4 Ng6 18. a5 Rhf8 19. Be2 Rc8 20. Qd2 Be7 21. Rc1 Nf4 22. Bf1 Qd6 23. c4 Qb4 24. Qd1 Qa4 25. Rg1 b5 26. cxb5 cxb5 27. Rg3 Bb4 28. Rxc8+ Rxc8 29. Rf3 Bd6 30. Bd2 Nf6 31. Bd3 Ne4 32. Bxf4 Bxf4 33. Bc2 Qb4 34. Qe2 Qc4 35. Qd1 b4 36. h4 Qb5 37. hxg5 hxg5 38. Bxe4 dxe4 39. Rh3 Qa4 40. Qe2 e3 41. Nc5 Rxc5 42. dxc5 b3 43. Rh8+ Kc7 44. Rh7+ Kb8 45. Rh8+ Kc7 46. Rh7+ 1/2-1/2

[Event "EYCC 2017"]
[Site "Mamaia"]
[Date "2017.09.12"]
[Round "7"]
[White "Fakhrutdinov, Timur"]
[Black "Ileana, George"]
[Result "1/2-1/2"]
[WhiteElo "2441"]
[BlackElo "2219"]
[Annotator "TA"]
[PlyCount "149"]
[EventDate "2017.??.??"]
[EventType "swiss"]
[EventCountry "ROU"]
[SourceTitle "playchess.com"]
[Source "ChessBase"]
[SourceQuality "1"]

1. e4 c5 2. Nf3 d6 3. d4 cxd4 4. Nxd4 Nf6 5. Nc3 g6 6. Be3 Bg7 7. f3 Nc6 8. Qd2 O-O 9. Bc4 Bd7 10. O-O-O Rc8 11. Bb3 Nxd4 12. Bxd4 b5 13. a3 a5 14. h4 b4 15. axb4 axb4 16. Nd5 Nxd5 17. Bxg7 Kxg7 18. exd5 Kg8 19. Qd4 Qa5 20. Kd2 Qc5 21. Qxc5 dxc5 22. Bc4 Rfd8 23. Ke3 h5 24. Kf4 Bf5 25. Rhe1 Rc7 26. Rd2 Rd6 27. Ra1 Kg7 28. Ra5 Bc8 29. Ke3 Kf6 30. g3 Ke5 31. c3 bxc3 32. bxc3 Kf6 33. Ba2 e6 34. dxe6 Rxd2 35. Kxd2 Bxe6 36. Ra6 c4 37. Ke3 Ke7 38. Bb1 Rd7 39. Bc2 Bd5 40. Ba4 Rd8 41. Rb6 Be6 42. Bc2 Kf6 43. Rb5 Rd7 44. Be4 Rd1 45. Rb1 Rd6 46. Rb2 Bf5 47. Rb4 Be6 48. Bc2 Ke7 49. Rb1 Kf6 50. Rd1 Ra6 51. Rd2 Ke5 52. Be4 Ra5 53. f4+ Kf6 54. Kd4 Ra7 55. Re2 Rd7+ 56. Kc5 Rd1 57. Re3 Rd2 58. Bf3 Rd8 59. Be2 Rc8+ 60. Kd6 Bf5 61. Re5 Be6 62. Bf1 Rd8+ 63. Kc5 Rb8 64. Kd4 Rd8+ 65. Ke3 Rd1 66. Be2 Rg1 67. Kf2 Rc1 68. Re3 Rc2 69. Ke1 Rc1+ 70. Kd2 Rg1 71. Kc2 Rg2 72. Kc1 Kg7 73. Kd1 Bg4 74. Bxg4 hxg4 75. Ke1 1/2-1/2

[Event "EYCC 2017"]
[Site "Mamaia"]
[Date "2017.09.12"]
[Round "7"]
[White "Plenca, Jadranko"]
[Black "Stauskas, Lukas"]
[Result "1-0"]
[WhiteElo "2440"]
[BlackElo "2387"]
[Annotator "TA"]
[PlyCount "79"]
[EventDate "2017.??.??"]
[EventType "swiss"]
[EventCountry "ROU"]
[SourceTitle "playchess.com"]
[Source "ChessBase"]
[SourceQuality "1"]

1. e4 c5 2. Nf3 a6 3. c3 e6 4. d4 d5 5. exd5 exd5 6. Bd3 c4 7. Bc2 Bd6 8. Ne5 Qh4 9. Qf3 Be6 10. Bf4 Ne7 11. Nd2 Qf6 12. O-O-O Bf5 13. Bxf5 Qxf5 14. Rde1 O-O 15. Qe3 Ng6 16. Nxg6 Qxg6 17. h4 Bxf4 18. Qxf4 Qc6 19. h5 Nd7 20. h6 g6 21. Re7 Qf6 22. Qxf6 Nxf6 23. Rxb7 Rfe8 24. f3 Nh5 25. Rd7 Rad8 26. Rxd8 Rxd8 27. Kc2 Re8 28. b3 Nf4 29. bxc4 Nxg2 30. cxd5 Ne3+ 31. Kb2 Nxd5 32. c4 Re2 33. cxd5 Rxd2+ 34. Kc3 Re2 35. Kd3 Rxa2 36. d6 Kf8 37. Re1 Rb2 38. Kc4 Rb8 39. Kc5 Re8 40. d7 1-0

[Event "EYCC 2017"]
[Site "Mamaia"]
[Date "2017.09.12"]
[Round "7"]
[White "Sargsyan, Shant"]
[Black "Szpar, Milosz"]
[Result "1-0"]
[WhiteElo "2436"]
[BlackElo "2308"]
[Annotator "TA"]
[PlyCount "41"]
[EventDate "2017.??.??"]
[EventType "swiss"]
[EventCountry "ROU"]
[SourceTitle "playchess.com"]
[Source "ChessBase"]
[SourceQuality "1"]

1. d4 d5 2. Nf3 Nf6 3. c4 c6 4. e3 e6 5. b3 Nbd7 6. Bd3 Bd6 7. Bb2 O-O 8. O-O Re8 9. Ne5 Qc7 10. f4 Ne4 11. Nc3 f5 12. g4 Ndf6 13. g5 Nxc3 14. Bxc3 Ne4 15. Bxe4 dxe4 16. g6 h6 17. Nf7 Bf8 18. Kh1 Be7 19. d5 exd5 20. Nxh6+ Kf8 21. Qh5 1-0